«Tû-Tû» /

Bibliographic Details
Main Author: Ross, Alf, 1899-1979 (Author)
Other Authors: Agurto Gonzáles, Carlos Antonio (Editor), Quequejana Mamani, Sonia Lidia (Editor), Choque Cuenca, Benigno (Editor), Carrió, Genaro R. (Genaro Rubén), 1922- (Translator)
Format: Electronic eBook
Language:Spanish
Published: Santiago, Chile : Ediciones Olejnik, [2022]
Series:Biblioteca de filosofía del derecho.
Subjects:
Online Access:Digitalia Hispánica

MARC

LEADER 00000nam a2200000Ii 4500
001 DIGOLEJNK1172
003 NyNyDIG
006 m o d
007 cr |||||||||||
008 250411s2022 cl a ob 000 0 spa d
035 |a (OCoLC)1427226218 
040 |a DGITA  |b eng  |e rda  |e pn  |c DGITA 
020 |z 9789564072265 
050 1 4 |a K235 ebook 
100 1 |a Ross, Alf,  |d 1899-1979,  |e author. 
245 1 0 |a «Tû-Tû» /  |c Alf Ross ; edición al cuidado de Carlos Antonio Agurto Gonzáles, Sonia Lidia Quequejana Mamani, Benigno Choque Cuenca ; traducción, Genaro R. Carrió. 
246 3 |a Tû-Tû 
246 3 |a Tu-Tu 
264 1 |a Santiago, Chile :  |b Ediciones Olejnik,  |c [2022] 
300 |a 1 online resource :  |b illustrations. 
336 |a text  |b txt  |2 rdacontent 
337 |a computer  |b c  |2 rdamedia 
338 |a online resource  |b cr  |2 rdacarrier 
347 |a text file  |2 rdaft 
347 |b PDF 
490 1 |a Biblioteca de filosofía del derecho 
588 0 |a Online resource; title from PDF title page (Digitalia, viewed April 11, 2025) 
650 0 |a Law  |x Philosophy. 
700 1 |a Agurto Gonzáles, Carlos Antonio,  |e editor. 
700 1 |a Quequejana Mamani, Sonia Lidia,  |e editor. 
700 1 |a Choque Cuenca, Benigno,  |e editor. 
700 1 |a Carrió, Genaro R.  |q (Genaro Rubén),  |d 1922-  |e translator. 
791 2 |a Digitalia (Firm),  |e distributor. 
793 0 |g Digitalia eBook Collection:  |a Ediciones Olejnik 
776 0 8 |i Print version:  |a Ross, Alf, 1899-1979.  |t «Tû-Tû».  |b Primera edición en Ediciones Olejnik.  |d Santiago, Chile : Ediciones Olejnik, 2022  |z 9789564072265 
830 0 |a Biblioteca de filosofía del derecho. 
856 4 0 |3 Digitalia Hispánica  |u https://www.digitaliapublishing.com/a/157678/ 
910 |a Premium collection: 2025